Les contrats d'assurance réglementés /

Saved in:
நூற்பட்டியல் விவரங்கள்
தலைமை எழுத்தாளர்: Colle, Ph.
வடிவம்: புத்தகம்
மொழி:French
வெளியீடப்பட்டது: Bruxelles : Bruylant, 1998.
பகுதிகள்:
குறியீடுகள்: குறிச்சொல் இணை
குறியீடுகள் இல்லை, இந்த குறிச்சொல்லை முதலில் பதிவு செய்யுங்கள்!
LEADER 00699nam a2200241Ia 4500
001 008102403-7
005 20090417005628.0
008 080422s1998 be b 001 0 fre d
020 |a 2802710419 
020 |a 9782802710417 
035 0 |a ocn225884501 
040 |a HVL  |c HVL 
043 |a e-be--- 
090 |a KJK1002  |b .C65 1998 
100 1 |a Colle, Ph.  |q (Philippe) 
245 1 4 |a Les contrats d'assurance réglementés /  |c Philippe Colle. 
260 |a Bruxelles :  |b Bruylant,  |c 1998. 
300 |a 293 p. ;  |c 24 cm. 
504 |a Includes bibliographical references (p. 280-281) and index. 
650 0 |a Insurance policies  |z Belgium. 
650 0 |a Insurance law  |z Belgium. 
988 |a 20020608 
906 |0 MH